How to start my business/ (Record no. 157250)

MARC details
000 -LEADER
fixed length control field 00544nam a22001817a 4500
005 - DATE AND TIME OF LATEST TRANSACTION
control field 20190128154852.0
010 ## - LCCN (DPL NO)
LC control number B-219145
020 ## - INTERNATIONAL STANDARD BOOK NUMBER
International Standard Book Number 8183820220
Terms of availability 95.00
035 ## - SYSTEM CONTROL NUMBER
System control number B-219145, B-219162
082 ## - DEWEY DECIMAL CLASSIFICATION NUMBER
Edition number 2006
Classification number 650.1
Item number SAM
100 ## - MAIN ENTRY--PERSONAL NAME
Personal name Samel, Philip j.
245 ## - TITLE STATEMENT
Title How to start my business/
Statement of responsibility, etc by Philips j.samuel
260 ## - PUBLICATION, DISTRIBUTION, ETC. (IMPRINT)
Place of publication, distribution, etc New Delhi
Name of publisher, distributor, etc Lotus Press
270 ## - ADDRESS
Address 4263/3,Ansari Road,Darya Ganj,
City Delhi
Postal code 110002
300 ## - PHYSICAL DESCRIPTION
Extent 105p.;
Dimensions 20cm
942 ## - ADDED ENTRY ELEMENTS (KOHA)
Source of classification or shelving scheme Dewey Decimal Classification
Item type English Books
Classification part 650.1
Call number suffix SAM
Holdings
Withdrawn status Lost status Not for loan Home library Current library Date acquired Source of acquisition Cost, normal purchase price Full call number Barcode Copy number Cost, replacement price Koha item type Collection code
      Patel Nagar Patel Nagar 10/09/2018 BPPD/PUB 95.00 650.1 SAM B-219145 1 95.00 English Books  
      Sarojini Nagar Sarojini Nagar 12/02/2019     650.1 SAM B-219166     English Books Non-fiction
      Vigyan Vihar Vigyan Vihar 28/01/2019 BPPD/PUB 95.00 650.1 SAM B-219162   95.00 English Books Non-fiction
      Yojana Vihar Yojana Vihar 12/07/2019 BPPD/PUB 95.00 650.1 SAM B-219161   95.00 English Books Non-fiction

© Delhi Public Library
Hit Counter
free hit counter